000 00511nam a2200169Ia 4500
005 20250923144227.0
008 008 250917s9999 xx 000 0 eng d
037 _aReports
040 _aDSWL
_beng
_cDSWL
041 _aeng
_2eng
084 _aY31:7:7.2, N57.2
_qDSWL
245 0 _aReport of the team for the study of community projects and national extension service vol-3
260 _aNew Delhi
_c1957
300 _a281 p.
942 _cREP
_hY31:7:7.2, N57.2
999 _c1436303
_d1436303